Der Verkehr der Grossen Städte
Na minha lista:
| Autor principal: | |
|---|---|
| Formato: | Livro |
| Idioma: | alemão |
| Publicado em: |
Berlin: Verlag fur Verkehrswesen ,
1981
|
| Assuntos: | |
| Tags: |
Sem tags, seja o primeiro a adicionar uma tag!
|
MARC
| LEADER | 00000nam a22000003a 4500 | ||
|---|---|---|---|
| 001 | stu74298 | ||
| 005 | 20150617225646.9 | ||
| 008 | 020225s1981------------------------ger-d | ||
| 040 | |a STU |b slo | ||
| 041 | 0 | |a ger | |
| 100 | 1 | |a Saitz, Hermann |4 aut | |
| 245 | 1 | |a Der Verkehr der Grossen Städte | |
| 260 | |a Berlin: Verlag fur Verkehrswesen , |c 1981 | ||
| 300 | |a 296 s | ||
| 650 | 7 | |a vývoj stavby miest |2 stusub | |
| 996 | |b 284AU01247 |c A*277 U |l AAKNAR |s A |a 24 |w stu74298_0001 | ||